000 00400nam a2200169Ia 4500
001 5834
003 IN-NITTTR
005 20251114233013.0
008 251113s9999||||xx |||||||||||||| ||eng||
040 _beng
040 _cIN-NITTTR
041 _aeng
082 _a157 R278T
100 _aReisman, John M.
245 0 _aToward the integration of psychotherapy /
_cReisman, John M.
942 _2ddc
_cBK
999 _c8471
_d8471